| 000 | 00455nam a22001697a 4500 | ||
|---|---|---|---|
| 999 |
_c7803 _d7803 |
||
| 003 | OSt | ||
| 005 | 20220314121202.0 | ||
| 008 | 220314b ||||| |||| 00| 0 eng d | ||
| 040 | _cNLM | ||
| 082 | _aWW460 N398a 2013 | ||
| 245 | _aNeuro-Opthalmology | ||
| 260 |
_aAmerica: _bAmerican Academy of Ophthalmology ; _c2013, |
||
| 300 |
_axiii,408p.: _bill (some col); _c25cm. |
||
| 504 | _aIncludes Index. | ||
| 650 |
_aOptithalmology. _915895 |
||
| 942 |
_2z _cBOOK |
||